Ecologia e Diritto Canonico: Canoni 747 § 2, 768 § 2, 795, 225 § 2, 1311
| Main Author: | |
|---|---|
| Format: | Print Book |
| Language: | Italian |
| Subito Delivery Service: | Order now. |
| Check availability: | HBZ Gateway |
| WorldCat: | WorldCat |
| Interlibrary Loan: | Interlibrary Loan for the Fachinformationsdienste (Specialized Information Services in Germany) |
| Published: |
1996
|
| In: | Year: 1996 |
| IxTheo Classification: | SB Catholic Church law |
| Further subjects: | B
Holy See (motif) Codex iuris canonici 1983. can. 768
B Holy See (motif) Codex iuris canonici 1983. can. 747 B Education B Verkündigungsdienst B Holy See (motif) Codex iuris canonici 1983. can. 1311 B Holy See (motif) Codex iuris canonici 1983. can. 795 B Ecology B Church criminal law B Holy See (motif) Codex iuris canonici 1983. can. 225 B Thesis |
MARC
| LEADER | 00000cam a2200000 c 4500 | ||
|---|---|---|---|
| 001 | 1133447171 | ||
| 003 | DE-627 | ||
| 005 | 20251225180311.0 | ||
| 007 | tu | ||
| 008 | 980113s1996 xx ||||| m 00| ||ita c | ||
| 020 | |c L10000 | ||
| 035 | |a (DE-627)1133447171 | ||
| 035 | |a (DE-576)063447177 | ||
| 035 | |a (DE-599)BSZ063447177 | ||
| 035 | |a (OCoLC)318017433 | ||
| 040 | |a DE-627 |b ger |c DE-627 |e rakwb | ||
| 041 | |a ita | ||
| 050 | 0 | |a BV | |
| 082 | 0 | |a 262 | |
| 084 | |a 1 |2 ssgn | ||
| 100 | 1 | |a Loche, Albert |4 aut | |
| 245 | 1 | 0 | |a Ecologia e Diritto Canonico |b Canoni 747 § 2, 768 § 2, 795, 225 § 2, 1311 |c Alberto Loche |
| 264 | 1 | |c 1996 | |
| 300 | |a III, 96 S. | ||
| 336 | |a Text |b txt |2 rdacontent | ||
| 337 | |a ohne Hilfsmittel zu benutzen |b n |2 rdamedia | ||
| 338 | |a Band |b nc |2 rdacarrier | ||
| 500 | |a Extractum ex dissertatione ad Doctoratum in Facultate Juris Canonici | ||
| 502 | |a Vollst.: Romae, Pont. Univ. Urbaniana, Diss., 1996 | ||
| 583 | 1 | |a Archivierung prüfen |c 20200919 |f DE-640 |z 1 |2 pdager | |
| 583 | 1 | |a Archivierung/Langzeitarchivierung gewährleistet |f SSG |x XA-DE-BW |2 pdager |5 DE-21 | |
| 610 | 2 | 7 | |0 (DE-588)1126743992 |0 (DE-627)881334316 |0 (DE-576)484680501 |a Katholische Kirche |t Codex iuris canonici |f 1983 |p can. 747 |2 gnd |
| 610 | 2 | 7 | |0 (DE-588)1126752762 |0 (DE-627)88133698X |0 (DE-576)484763040 |a Katholische Kirche |t Codex iuris canonici |f 1983 |p can. 768 |2 gnd |
| 610 | 2 | 7 | |0 (DE-588)1126753203 |0 (DE-627)881337528 |0 (DE-576)484766139 |a Katholische Kirche |t Codex iuris canonici |f 1983 |p can. 795 |2 gnd |
| 610 | 2 | 7 | |0 (DE-588)1126593834 |0 (DE-627)881151149 |0 (DE-576)484584456 |a Katholische Kirche |t Codex iuris canonici |f 1983 |p can. 1311 |2 gnd |
| 610 | 2 | 7 | |0 (DE-588)4525031-5 |0 (DE-627)702703141 |0 (DE-576)213313529 |a Katholische Kirche |t Codex iuris canonici |f 1983 |p can. 225 |2 gnd |
| 650 | 0 | 7 | |0 (DE-588)4043207-5 |0 (DE-627)104434910 |0 (DE-576)209054700 |a Ökologie |2 gnd |
| 650 | 0 | 7 | |0 (DE-588)4295059-4 |0 (DE-627)104176652 |0 (DE-576)21096670X |a Kirchliches Strafrecht |2 gnd |
| 650 | 0 | 7 | |0 (DE-588)4015482-8 |0 (DE-627)106336592 |0 (DE-576)208911901 |a Erziehung |2 gnd |
| 650 | 4 | |a Verkündigungsdienst | |
| 652 | |a SB | ||
| 655 | 7 | |a Hochschulschrift |0 (DE-588)4113937-9 |0 (DE-627)105825778 |0 (DE-576)209480580 |2 gnd-content | |
| 751 | |a Rom |0 (DE-588)4050471-2 |0 (DE-627)106181963 |0 (DE-576)20908751X |4 uvp | ||
| 935 | |a mteo |a KALD | ||
| 951 | |a BO | ||
| CAL | |a 207470000_207479999,207680000_207689999,207950000_207959999,213110000_213119999,202250000_202259999 | ||
| CAN | |a 1 | ||
| ELC | |b 1 | ||
| ITA | |a 1 |t 1 | ||
| LOK | |0 000 xxxxxcx a22 zn 4500 | ||
| LOK | |0 001 231951256X | ||
| LOK | |0 003 DE-627 | ||
| LOK | |0 004 1133447171 | ||
| LOK | |0 005 19980210000000 | ||
| LOK | |0 008 980113||||||||||||||||ger||||||| | ||
| LOK | |0 040 |a DE-21 |c DE-627 |d DE-21 | ||
| LOK | |0 852 |a DE-21 | ||
| LOK | |0 852 1 |c US 97.1679 |9 00 | ||
| LOK | |0 935 |a theo | ||
| LOK | |0 936ln |a t8 | ||
| LOK | |0 939 |a 13-01-98 |b l01 | ||
| LOK | |0 000 xxxxxcx a22 zn 4500 | ||
| LOK | |0 001 3060442878 | ||
| LOK | |0 003 DE-627 | ||
| LOK | |0 004 1133447171 | ||
| LOK | |0 005 20190910181344 | ||
| LOK | |0 008 190311||||||||||||||||ger||||||| | ||
| LOK | |0 035 |a (DE-Tue135-1)98408 | ||
| LOK | |0 040 |a DE-Tue135-1 |c DE-627 |d DE-Tue135-1 | ||
| LOK | |0 852 |a DE-Tue135-1 | ||
| LOK | |0 852 1 |c FTHKR011607 |m p |9 00 | ||
| LOK | |0 852 2 |b KR 07.010 |9 00 | ||
| LOK | |0 935 |a iMON | ||
| LOK | |0 936ln |0 1442053313 |a SB | ||
| LOK | |0 938 |k p | ||
| LOK | |0 939 |a 11-03-19 |b l01 | ||
| ORI | |a SA-MARC-ixtheoa001.raw | ||
| STA | 0 | 0 | |a Church criminal law,Ecology,Environmental balance,Ecology in literature,Ecology in art,Education,Education,Upbringing |
| STB | 0 | 0 | |a Droit pénal ecclésiastique,Écologie,Éducation,Éducation |
| STC | 0 | 0 | |a Derecho penal eclesiástico,Ecología,Educación,Educación |
| STD | 0 | 0 | |a Diritto penale ecclesiastico,Ecologia,Istruzione <motivo>,Istruzione,Educazione,Educazione,Educazione (motivo),Educazione |
| STE | 0 | 0 | |a 教育,教育,教养,教养,生态学 |
| STF | 0 | 0 | |a 教育,教育,教養,教養,生態學 |
| STG | 0 | 0 | |a Direito penal eclesiástico,Ecologia,Educação,Educação |
| STH | 0 | 0 | |a Воспитание (мотив),Воспитание,Церковное уголовное право,Экология |
| STI | 0 | 0 | |a Εκκλησιαστικό ποινικό δίκαιο,Εκπαίδευση <μοτίβο>,Εκπαίδευση,Διαπαιδαγώγηση,Διαπαιδαγώγηση (μοτίβο),Οικολογία |
| SUB | |a CAN | ||
| SYE | 0 | 0 | |a Umweltprobleme - Ökologie,Umweltbiologie , Kirchenrecht,Kirchenstrafrecht , Erziehungspraxis |